| 000 | 00599nam a2200193Ia 4500 | ||
|---|---|---|---|
| 999 |
_c28437 _d28437 |
||
| 003 | GCL | ||
| 005 | 20240530101901.0 | ||
| 008 | 140319s9999 xx 000 0 ara d | ||
| 040 |
_aGCL / _cGCL |
||
| 082 | 0 | 4 |
_a221.41/ _bع ق |
| 100 | 1 | _aعبدالله يوسف على | |
| 245 | 1 | 0 |
_aقرآن مجيد : _bشرح وترجمة الى اللغة الانجليزية / _cعبدالله يوسف على |
| 260 |
_aبيروت : _bدار الفكر. |
||
| 300 | _a1862ص | ||
| 650 | 0 | 4 | _aالقران - ترجمة |
| 650 | 0 | 4 | _aالقران - الفاظ |
| 650 | 0 | 4 | _aالقران |
| 942 |
_2ddc _cBK |
||